Doing qualitative research in social work

Guardat en:
Dades bibliogràfiques
Autor principal: SHAW, Ian
Format: Llibre
Idioma:anglès
Publicat: Sage Publications 2014
Etiquetes: Afegir etiqueta
Sense etiquetes, Sigues el primer a etiquetar aquest registre!

MARC

LEADER 00000nam a22000007a 4500
008 201218b ||||| |||| 00| 0 eng d
020 |a 978-1-4462-5287-1 
100 |a SHAW, Ian. 
245 |a Doing qualitative research in social work  |c Ian Shaw & Sally Holland  |g xi: 350p; ill. 
260 |b Sage Publications  |c 2014  |h Los Angeles  |i 692068  |i 692069   |l HV11 .Sh2  |m Social service – Research – Methodology 
942 |a lcc  |c BK  |e YUNUSA, A.A.  |f 18/12/2020 
952 |0 0  |1 0  |2 lcc  |4 0  |6 HV0011 S H2  |7 0  |9 769  |a HOL  |b SSL  |c GJ  |d 2020-12-18  |l 0  |o HV11 .Sh2  |p 2020-229984  |r 2020-12-18 00:00:00  |w 2020-12-18  |y BK 
952 |0 0  |1 0  |2 lcc  |4 0  |6 HV0011 S H2  |7 0  |9 770  |a HOL  |b HOL  |c GJ  |d 2020-12-18  |l 0  |o HV11 .Sh2  |p 2020-229985  |r 2020-12-18 00:00:00  |w 2020-12-18  |y BK 
999 |c 435  |d 435